[Event "Rapid Tournament (RAP)"]
[Site "Biel, CH"]
[Date "2025.07.13"]
[Round "1"]
[White "Frey,Fabian"]
[Black "Trubini, Timon"]
[Result "1-0"]
[Board "27"]
[WhiteFideId "1336487"]
[BlackFideId "1347799"]
[WhiteElo "2102"]
[BlackElo "1743"]
[WhiteTeam "SUI"]
[BlackTeam "SUI"]
[WhiteClock "0:00:02"]
[BlackClock "0:00:07"]
[Variant "Standard"]

1. c4 {[%clk 0:15:05]}  e5 {[%clk 0:15:09]} 2. Nc3 {[%clk 0:15:09]}  Nf6 {[%clk 0:15:13]} 3. Nf3 {[%clk 0:15:14]}  Nc6 {[%clk 0:15:17]} 4. g3 {[%clk 0:15:15]}  d5 {[%clk 0:15:21]} 5. cxd5 {[%clk 0:15:19]}  Nxd5 {[%clk 0:15:25]} 6. Bg2 {[%clk 0:15:19]}  Nb6 {[%clk 0:15:28]} 7. O-O {[%clk 0:15:20]}  Be7 {[%clk 0:15:17]} 8. d3 {[%clk 0:15:23]}  O-O {[%clk 0:15:18]} 9. Be3 {[%clk 0:14:48]}  Re8 {[%clk 0:15:19]} 10. d4 {[%clk 0:14:40]}  exd4 {[%clk 0:14:37]} 11. Nxd4 {[%clk 0:14:43]}  Nxd4 {[%clk 0:14:41]} 12. Bxd4 {[%clk 0:14:41]}  c6 {[%clk 0:14:44]} 13. Qd3 {[%clk 0:13:49]}  Be6 {[%clk 0:13:51]} 14. Rad1 {[%clk 0:12:43]}  Qc7 {[%clk 0:13:46]} 15. Rfe1 {[%clk 0:12:29]}  Rad8 {[%clk 0:13:50]} 16. Qc2 {[%clk 0:12:11]}  Nc4 {[%clk 0:08:38]} 17. b3 {[%clk 0:11:15]}  c5 {[%clk 0:06:45]} 18. Bxg7 {[%clk 0:06:48]}  Kxg7 {[%clk 0:06:39]} 19. bxc4 {[%clk 0:06:49]}  Bxc4 {[%clk 0:06:39]} 20. Nd5 {[%clk 0:06:01]}  Bxd5 {[%clk 0:06:26]} 21. Bxd5 {[%clk 0:06:04]}  Bf6 {[%clk 0:05:14]} 22. Qf5 {[%clk 0:05:12]}  Re5 {[%clk 0:03:36]} 23. Qg4+ {[%clk 0:05:15]}  Rg5 {[%clk 0:03:02]} 24. Qf3 {[%clk 0:05:18]}  b5 {[%clk 0:02:16]} 25. e4 {[%clk 0:05:22]}  Bd4 {[%clk 0:02:05]} 26. Kh1 {[%clk 0:04:56]}  Re5 {[%clk 0:01:41]} 27. Qg4+ {[%clk 0:04:33]}  Kh8 {[%clk 0:00:48]} 28. f4 {[%clk 0:04:32]}  Re7 {[%clk 0:00:30]} 29. Qf5 {[%clk 0:03:55]}  Qd7 {[%clk 0:00:17]} 30. Qh5 {[%clk 0:03:23]}  f5 {[%clk 0:00:11]} 31. Qf3 {[%clk 0:02:41]}  fxe4 {[%clk 0:00:09]} 32. Bxe4 {[%clk 0:02:41]}  Qe8 {[%clk 0:00:13]} 33. Kg2 {[%clk 0:01:37]}  c4 {[%clk 0:00:17]} 34. Bc6 {[%clk 0:01:05]}  Qf8 {[%clk 0:00:13]} 35. Rxe7 {[%clk 0:00:53]}  Qxe7 {[%clk 0:00:17]} 36. Bxb5 {[%clk 0:00:45]}  c3 {[%clk 0:00:21]} 37. Bd3 {[%clk 0:00:22]}  Qa3 {[%clk 0:00:02]} 38. Qe2 {[%clk 0:00:11]}  Rb8 {[%clk 0:00:20]} 39. Kh3 {[%clk 0:00:11]}  Rb2 {[%clk 0:00:15]} 40. Qe8+ {[%clk 0:00:15]}  Kg7 {[%clk 0:00:18]} 41. Qd7+ {[%clk 0:00:18]}  Kh6 {[%clk 0:00:07]} 42. Qxh7# {[%clk 0:00:02]} 1-0

[Event "Rapid Tournament (RAP)"]
[Site "Biel, CH"]
[Date "2025.07.13"]
[Round "1"]
[White "Boner, Timm"]
[Black "Menzi, Jonas"]
[Result "0-1"]
[Board "28"]
[WhiteFideId "1330039"]
[BlackFideId "1345133"]
[WhiteElo "1732"]
[BlackElo "2097"]
[WhiteTeam "SUI"]
[BlackTeam "SUI"]
[WhiteClock "0:11:45"]
[BlackClock "0:04:01"]
[Variant "Standard"]

1. e4 {[%clk 0:15:05]}  e5 {[%clk 0:15:09]} 2. Nf3 {[%clk 0:15:10]}  Nc6 {[%clk 0:15:13]} 3. Bc4 {[%clk 0:15:11]}  Nf6 {[%clk 0:15:16]} 4. Nc3 {[%clk 0:15:13]}  Nxe4 {[%clk 0:15:19]} 5. Nxe4 {[%clk 0:15:10]}  d5 {[%clk 0:15:23]} 6. Bxd5 {[%clk 0:15:12]}  Qxd5 {[%clk 0:15:26]} 7. Nc3 {[%clk 0:15:08]}  Qd8 {[%clk 0:14:39]} 8. O-O {[%clk 0:15:08]}  Bd6 {[%clk 0:13:23]} 9. Re1 {[%clk 0:15:06]}  O-O {[%clk 0:13:25]} 10. d3 {[%clk 0:15:08]}  Bg4 {[%clk 0:11:48]} 11. Ne4 {[%clk 0:14:44]}  Nd4 {[%clk 0:11:37]} 12. Nxd6 {[%clk 0:14:11]}  Qxd6 {[%clk 0:11:40]} 13. Re4 {[%clk 0:13:48]}  f5 {[%clk 0:11:09]} 14. Re1 {[%clk 0:10:38]}  Bxf3 {[%clk 0:08:36]} 15. gxf3 {[%clk 0:13:09]}  Qc6 {[%clk 0:08:40]} 16. c3 {[%clk 0:13:03]}  Nxf3+ {[%clk 0:08:22]} 17. Kf1 {[%clk 0:12:47]}  Nxe1 {[%clk 0:08:19]} 18. Qxe1 {[%clk 0:12:39]}  Qh1+ {[%clk 0:08:30]} 19. Ke2 {[%clk 0:12:14]}  Qxh2 {[%clk 0:08:27]} 20. Be3 {[%clk 0:11:57]}  Rad8 {[%clk 0:08:07]} 21. Qh1 {[%clk 0:11:46]}  Qxh1 {[%clk 0:08:01]} 22. Rxh1 {[%clk 0:10:21]}  Rd7 {[%clk 0:07:50]} 23. Bg5 {[%clk 0:10:19]}  h6 {[%clk 0:07:42]} 24. Be3 {[%clk 0:12:20]}  Rfd8 {[%clk 0:06:42]} 25. Rd1 {[%clk 0:12:20]}  b6 {[%clk 0:06:36]} 26. a4 {[%clk 0:12:20]}  c5 {[%clk 0:06:11]} 27. f4 {[%clk 0:12:22]}  exf4 {[%clk 0:06:04]} 28. Bxf4 {[%clk 0:12:24]}  g5 {[%clk 0:05:57]} 29. Bc1 {[%clk 0:12:10]}  Kf7 {[%clk 0:06:06]} 30. Ke3 {[%clk 0:12:10]}  Kg6 {[%clk 0:05:57]} 31. b3 {[%clk 0:12:09]}  f4+ {[%clk 0:06:05]} 32. Ke2 {[%clk 0:12:05]}  Kf5 {[%clk 0:06:09]} 33. d4 {[%clk 0:11:59]}  cxd4 {[%clk 0:06:12]} 34. c4 {[%clk 0:12:03]}  d3+ {[%clk 0:06:12]} 35. Kd2 {[%clk 0:12:07]}  Re8 {[%clk 0:06:07]} 36. Rh1 {[%clk 0:12:08]}  Re2+ {[%clk 0:05:36]} 37. Kd1 {[%clk 0:12:06]}  Rg2 {[%clk 0:05:29]} 38. Bd2 {[%clk 0:12:03]}  f3 {[%clk 0:05:05]} 39. Rf1 {[%clk 0:11:56]}  Kg4 {[%clk 0:04:46]} 40. b4 {[%clk 0:11:50]}  f2 {[%clk 0:04:42]} 41. Be3 {[%clk 0:11:47]}  Kf3 {[%clk 0:04:46]} 42. Kd2 {[%clk 0:11:49]}  Re7 {[%clk 0:04:22]} 43. Bd4 {[%clk 0:11:41]}  Re4 {[%clk 0:04:08]} 44. Kxd3 {[%clk 0:11:42]}  Rxd4+ {[%clk 0:04:09]} 45. Kxd4 {[%clk 0:11:45]}  Rg4+ {[%clk 0:04:01]} 0-1

[Event "Rapid Tournament (RAP)"]
[Site "Biel, CH"]
[Date "2025.07.13"]
[Round "1"]
[White "Zenker, Ulrich"]
[Black "Gillieron, Kevin (13882)"]
[Result "1-0"]
[Board "29"]
[WhiteFideId "4614976"]
[BlackFideId "1357778"]
[WhiteTitle "FM"]
[WhiteElo "2081"]
[BlackElo "1729"]
[WhiteTeam "GER"]
[BlackTeam "SUI"]
[WhiteClock "0:06:52"]
[BlackClock "0:03:27"]
[Variant "Standard"]

1. e4 {[%clk 0:15:05]}  c6 {[%clk 0:15:08]} 2. d3 {[%clk 0:14:55]}  d5 {[%clk 0:15:10]} 3. Nd2 {[%clk 0:14:57]}  dxe4 {[%clk 0:15:10]} 4. dxe4 {[%clk 0:14:56]}  g6 {[%clk 0:14:32]} 5. Ngf3 {[%clk 0:14:54]}  Bg7 {[%clk 0:14:32]} 6. Bc4 {[%clk 0:14:44]}  Bg4 {[%clk 0:14:14]} 7. Bxf7+ {[%clk 0:14:32]}  Kxf7 {[%clk 0:14:15]} 8. Ng5+ {[%clk 0:14:35]}  Ke8 {[%clk 0:13:49]} 9. Qxg4 {[%clk 0:14:36]}  Nf6 {[%clk 0:13:15]} 10. Qe6 {[%clk 0:14:11]}  Rf8 {[%clk 0:12:51]} 11. Qb3 {[%clk 0:13:10]}  Qb6 {[%clk 0:10:31]} 12. Qxb6 {[%clk 0:13:03]}  axb6 {[%clk 0:10:34]} 13. Ne6 {[%clk 0:13:03]}  Rg8 {[%clk 0:10:14]} 14. Nc7+ {[%clk 0:13:05]}  Kd8 {[%clk 0:09:58]} 15. Nxa8 {[%clk 0:13:06]}  Nbd7 {[%clk 0:10:01]} 16. a4 {[%clk 0:11:06]}  Kc8 {[%clk 0:07:53]} 17. a5 {[%clk 0:11:06]}  b5 {[%clk 0:07:57]} 18. Nb6+ {[%clk 0:11:04]}  Nxb6 {[%clk 0:07:28]} 19. axb6 {[%clk 0:11:06]}  Nd7 {[%clk 0:07:29]} 20. Ra8+ {[%clk 0:10:43]}  Nb8 {[%clk 0:07:33]} 21. Nb3 {[%clk 0:09:21]}  Be5 {[%clk 0:04:58]} 22. O-O {[%clk 0:09:50]}  Rd8 {[%clk 0:04:43]} 23. Be3 {[%clk 0:09:35]}  Bxb2 {[%clk 0:04:13]} 24. f4 {[%clk 0:07:13]}  e6 {[%clk 0:03:27]} 25. Bc5 {[%clk 0:06:52]} 1-0

[Event "Rapid Tournament (RAP)"]
[Site "Biel, CH"]
[Date "2025.07.13"]
[Round "1"]
[White "von Burg, Carl Alexander"]
[Black "Sadeghi, Hassan Roger"]
[Result "1/2-1/2"]
[Board "30"]
[WhiteFideId "1352458"]
[BlackFideId "1304712"]
[BlackTitle "CM"]
[WhiteElo "1726"]
[BlackElo "2068"]
[WhiteTeam "SUI"]
[BlackTeam "SUI"]
[WhiteClock "0:01:00"]
[BlackClock "0:00:30"]
[Variant "Standard"]

1. d4 {[%clk 0:15:04]}  Nc6 {[%clk 0:15:09]} 2. d5 {[%clk 0:14:32]}  Ne5 {[%clk 0:15:12]} 3. e4 {[%clk 0:13:54]}  e6 {[%clk 0:15:15]} 4. Nf3 {[%clk 0:12:52]}  Qf6 {[%clk 0:14:21]} 5. Be2 {[%clk 0:12:02]}  Bc5 {[%clk 0:13:32]} 6. O-O {[%clk 0:11:32]}  exd5 {[%clk 0:13:12]} 7. Nxe5 {[%clk 0:09:24]}  Qxe5 {[%clk 0:13:11]} 8. exd5 {[%clk 0:08:54]}  Nf6 {[%clk 0:11:50]} 9. Bf3 {[%clk 0:08:18]}  O-O {[%clk 0:11:44]} 10. Nc3 {[%clk 0:07:56]}  d6 {[%clk 0:10:19]} 11. Na4 {[%clk 0:07:14]}  Bb4 {[%clk 0:10:17]} 12. c3 {[%clk 0:07:17]}  Ba5 {[%clk 0:10:21]} 13. b4 {[%clk 0:07:20]}  Bb6 {[%clk 0:09:55]} 14. Re1 {[%clk 0:07:10]}  Qf5 {[%clk 0:09:57]} 15. Nxb6 {[%clk 0:06:52]}  axb6 {[%clk 0:10:00]} 16. c4 {[%clk 0:06:05]}  Bd7 {[%clk 0:09:56]} 17. Bb2 {[%clk 0:05:38]}  Rfe8 {[%clk 0:08:51]} 18. Bxf6 {[%clk 0:03:47]}  Qxf6 {[%clk 0:08:02]} 19. Qd2 {[%clk 0:03:50]}  Re7 {[%clk 0:06:39]} 20. Rxe7 {[%clk 0:03:34]}  Qxa1+ {[%clk 0:06:33]} 21. Qd1 {[%clk 0:02:50]}  Qxd1+ {[%clk 0:06:08]} 22. Bxd1 {[%clk 0:02:53]}  Rd8 {[%clk 0:06:12]} 23. Kf1 {[%clk 0:02:30]}  Kf8 {[%clk 0:06:12]} 24. Re3 {[%clk 0:02:18]}  Ra8 {[%clk 0:03:57]} 25. a3 {[%clk 0:02:18]}  Bf5 {[%clk 0:03:19]} 26. Ke2 {[%clk 0:02:12]}  Re8 {[%clk 0:02:48]} 27. Rxe8+ {[%clk 0:01:58]}  Kxe8 {[%clk 0:02:52]} 28. Ke3 {[%clk 0:02:01]}  Ke7 {[%clk 0:02:47]} 29. Be2 {[%clk 0:01:57]}  h6 {[%clk 0:02:46]} 30. Bd3 {[%clk 0:01:58]}  Bd7 {[%clk 0:02:42]} 31. Kd4 {[%clk 0:01:46]}  Ba4 {[%clk 0:02:07]} 32. c5 {[%clk 0:01:20]}  bxc5+ {[%clk 0:02:05]} 33. bxc5 {[%clk 0:01:23]}  Bd7 {[%clk 0:01:57]} 34. Bc2 {[%clk 0:01:12]}  dxc5+ {[%clk 0:01:33]} 35. Kxc5 {[%clk 0:01:15]}  b6+ {[%clk 0:01:37]} 36. Kd4 {[%clk 0:01:08]}  Kd6 {[%clk 0:01:40]} 37. g3 {[%clk 0:01:00]}  Bg4 {[%clk 0:01:37]} 38. Be4 {[%clk 0:00:43]}  Bd1 {[%clk 0:01:39]} 39. Bd3 {[%clk 0:00:40]}  Ba4 {[%clk 0:01:36]} 40. Be4 {[%clk 0:00:39]}  Bb3 {[%clk 0:01:33]} 41. f4 {[%clk 0:00:40]}  f6 {[%clk 0:01:22]} 42. Bf3 {[%clk 0:00:42]}  Bc2 {[%clk 0:01:21]} 43. Bg2 {[%clk 0:00:44]}  Ba4 {[%clk 0:00:59]} 44. Bf3 {[%clk 0:00:47]}  Bd7 {[%clk 0:00:35]} 45. Be4 {[%clk 0:00:49]}  Bg4 {[%clk 0:00:32]} 46. Bg2 {[%clk 0:00:51]}  h5 {[%clk 0:00:26]} 47. Be4 {[%clk 0:00:51]}  g5 {[%clk 0:00:28]} 48. fxg5 {[%clk 0:00:52]}  fxg5 {[%clk 0:00:31]} 49. Bg2 {[%clk 0:00:48]}  h4 {[%clk 0:00:34]} 50. gxh4 {[%clk 0:00:50]}  gxh4 {[%clk 0:00:38]} 51. Be4 {[%clk 0:00:52]}  Bd7 {[%clk 0:00:39]} 52. Bd3 {[%clk 0:00:51]}  Be8 {[%clk 0:00:17]} 53. Bf5 {[%clk 0:00:52]}  Bf7 {[%clk 0:00:24]} 54. Bg4 {[%clk 0:00:53]}  Bxd5 {[%clk 0:00:27]} 55. Bd1 {[%clk 0:00:46]}  c5+ {[%clk 0:00:30]} 56. Ke3 {[%clk 0:00:47]}  Ke5 {[%clk 0:00:34]} 57. Bg4 {[%clk 0:00:45]}  b5 {[%clk 0:00:37]} 58. Bd7 {[%clk 0:00:45]}  b4 {[%clk 0:00:41]} 59. a4 {[%clk 0:00:44]}  b3 {[%clk 0:00:41]} 60. Kd3 {[%clk 0:00:06]}  Kf4 {[%clk 0:00:07]} 61. a5 {[%clk 0:00:44]}  Kf3 {[%clk 0:00:11]} 62. a6 {[%clk 0:00:45]}  Kg2 {[%clk 0:00:16]} 63. h3 {[%clk 0:00:49]}  Kf3 {[%clk 0:00:07]} 64. a7 {[%clk 0:00:53]}  c4+ {[%clk 0:00:09]} 65. Kc3 {[%clk 0:00:56]}  Ke3 {[%clk 0:00:12]} 66. Bf5 {[%clk 0:00:53]}  Bg2 {[%clk 0:00:13]} 67. Kxc4 {[%clk 0:00:54]}  b2 {[%clk 0:00:17]} 68. Kc3 {[%clk 0:00:56]}  Kf4 {[%clk 0:00:19]} 69. Bd3 {[%clk 0:00:56]}  Kg3 {[%clk 0:00:21]} 70. Kxb2 {[%clk 0:00:57]}  Kxh3 {[%clk 0:00:24]} 71. Bf5+ {[%clk 0:00:58]}  Kg3 {[%clk 0:00:28]} 72. Kc3 {[%clk 0:01:00]}  Ba8 {[%clk 0:00:30]} 1/2-1/2

[Event "Rapid Tournament (RAP)"]
[Site "Biel, CH"]
[Date "2025.07.13"]
[Round "1"]
[White "Drechsler, Christoph"]
[Black "Rajendran, Ishaan"]
[Result "1/2-1/2"]
[Board "31"]
[WhiteFideId "1305280"]
[BlackFideId "39910032"]
[WhiteElo "2067"]
[BlackElo "1725"]
[WhiteTeam "SUI"]
[BlackTeam "USA"]
[WhiteClock "0:00:29"]
[BlackClock "0:00:34"]
[Variant "Standard"]

1. d4 {[%clk 0:15:07]}  d5 {[%clk 0:15:09]} 2. Nf3 {[%clk 0:15:10]}  Nf6 {[%clk 0:15:12]} 3. e3 {[%clk 0:15:13]}  Bg4 {[%clk 0:14:59]} 4. h3 {[%clk 0:15:16]}  Bxf3 {[%clk 0:15:02]} 5. Qxf3 {[%clk 0:15:19]}  e6 {[%clk 0:15:04]} 6. c4 {[%clk 0:15:22]}  c6 {[%clk 0:15:06]} 7. Nc3 {[%clk 0:15:17]}  Bd6 {[%clk 0:15:08]} 8. Bd3 {[%clk 0:15:19]}  Nbd7 {[%clk 0:15:08]} 9. O-O {[%clk 0:15:21]}  O-O {[%clk 0:15:07]} 10. Rd1 {[%clk 0:15:17]}  Qe7 {[%clk 0:14:37]} 11. e4 {[%clk 0:14:54]}  dxe4 {[%clk 0:14:23]} 12. Nxe4 {[%clk 0:14:57]}  Nxe4 {[%clk 0:14:26]} 13. Qxe4 {[%clk 0:15:00]}  Nf6 {[%clk 0:14:27]} 14. Qh4 {[%clk 0:15:04]}  h6 {[%clk 0:12:41]} 15. g4 {[%clk 0:13:34]}  Nh7 {[%clk 0:11:38]} 16. Qxe7 {[%clk 0:12:48]}  Bxe7 {[%clk 0:11:42]} 17. Kg2 {[%clk 0:12:27]}  Rad8 {[%clk 0:11:24]} 18. Be3 {[%clk 0:12:28]}  Bf6 {[%clk 0:11:08]} 19. Bc2 {[%clk 0:11:50]}  Rd7 {[%clk 0:10:06]} 20. Rd2 {[%clk 0:11:44]}  Rfd8 {[%clk 0:09:54]} 21. Rad1 {[%clk 0:11:47]}  Nf8 {[%clk 0:09:30]} 22. b3 {[%clk 0:11:34]}  a6 {[%clk 0:06:40]} 23. Be4 {[%clk 0:11:18]}  Ng6 {[%clk 0:05:39]} 24. f4 {[%clk 0:09:34]}  Be7 {[%clk 0:03:06]} 25. Bxg6 {[%clk 0:08:30]}  fxg6 {[%clk 0:03:07]} 26. Kf3 {[%clk 0:08:32]}  Kf7 {[%clk 0:02:59]} 27. Ke4 {[%clk 0:08:34]}  Bb4 {[%clk 0:02:26]} 28. Rd3 {[%clk 0:08:37]}  Ke7 {[%clk 0:02:02]} 29. d5 {[%clk 0:08:28]}  exd5+ {[%clk 0:01:37]} 30. cxd5 {[%clk 0:08:32]}  h5 {[%clk 0:00:23]} 31. dxc6 {[%clk 0:07:36]}  Rxd3 {[%clk 0:00:26]} 32. Rxd3 {[%clk 0:07:40]}  Rxd3 {[%clk 0:00:30]} 33. Kxd3 {[%clk 0:07:41]}  bxc6 {[%clk 0:00:33]} 34. Bd4 {[%clk 0:07:15]}  Bd6 {[%clk 0:00:32]} 35. Ke4 {[%clk 0:07:02]}  Kf7 {[%clk 0:00:30]} 36. Be5 {[%clk 0:06:57]}  Bb4 {[%clk 0:00:30]} 37. Kd4 {[%clk 0:06:46]}  Be7 {[%clk 0:00:26]} 38. Kc4 {[%clk 0:05:34]}  Bf8 {[%clk 0:00:22]} 39. Bc7 {[%clk 0:04:43]}  Ke6 {[%clk 0:00:22]} 40. Kd4 {[%clk 0:04:45]}  Kd7 {[%clk 0:00:22]} 41. Be5 {[%clk 0:04:46]}  Ke6 {[%clk 0:00:26]} 42. Ke4 {[%clk 0:04:50]}  Kf7 {[%clk 0:00:21]} 43. Bc7 {[%clk 0:04:40]}  Bc5 {[%clk 0:00:18]} 44. Kd3 {[%clk 0:04:28]}  Ke6 {[%clk 0:00:17]} 45. Kc4 {[%clk 0:04:01]}  Be7 {[%clk 0:00:19]} 46. Bb6 {[%clk 0:03:44]}  Bd6 {[%clk 0:00:20]} 47. Be3 {[%clk 0:03:47]}  Be7 {[%clk 0:00:18]} 48. Bd4 {[%clk 0:03:37]}  Bd6 {[%clk 0:00:20]} 49. Be3 {[%clk 0:03:37]}  Be7 {[%clk 0:00:24]} 50. Kd4 {[%clk 0:03:21]}  Bd6 {[%clk 0:00:25]} 51. Ke4 {[%clk 0:03:25]}  Be7 {[%clk 0:00:27]} 52. Bd4 {[%clk 0:02:52]}  Kf7 {[%clk 0:00:25]} 53. f5 {[%clk 0:02:06]}  hxg4 {[%clk 0:00:14]} 54. hxg4 {[%clk 0:02:09]}  gxf5+ {[%clk 0:00:18]} 55. Kxf5 {[%clk 0:02:13]}  g6+ {[%clk 0:00:21]} 56. Ke4 {[%clk 0:01:53]}  Ke6 {[%clk 0:00:25]} 57. Be3 {[%clk 0:01:42]}  Bd6 {[%clk 0:00:24]} 58. Kd4 {[%clk 0:01:28]}  Be7 {[%clk 0:00:20]} 59. a4 {[%clk 0:01:24]}  Bb4 {[%clk 0:00:17]} 60. Kc4 {[%clk 0:01:17]}  Bd6 {[%clk 0:00:17]} 61. Bd4 {[%clk 0:00:47]}  Be7 {[%clk 0:00:17]} 62. b4 {[%clk 0:00:39]}  Bd6 {[%clk 0:00:17]} 63. Bc5 {[%clk 0:00:42]}  Bc7 {[%clk 0:00:19]} 64. Be3 {[%clk 0:00:39]}  Bd6 {[%clk 0:00:20]} 65. Bb6 {[%clk 0:00:33]}  Ke5 {[%clk 0:00:14]} 66. Bd8 {[%clk 0:00:28]}  Kf4 {[%clk 0:00:14]} 67. g5 {[%clk 0:00:31]}  Kf5 {[%clk 0:00:17]} 68. Bf6 {[%clk 0:00:34]}  Bf8 {[%clk 0:00:19]} 69. Bd8 {[%clk 0:00:32]}  Bd6 {[%clk 0:00:23]} 70. a5 {[%clk 0:00:22]}  Bf8 {[%clk 0:00:26]} 71. Bf6 {[%clk 0:00:25]}  Bd6 {[%clk 0:00:30]} 72. Bd8 {[%clk 0:00:29]}  Bf8 {[%clk 0:00:34]} 1/2-1/2

[Event "Rapid Tournament (RAP)"]
[Site "Biel, CH"]
[Date "2025.07.13"]
[Round "1"]
[White "Haag, Walter"]
[Black "Schweizer, Samuel"]
[Result "0-1"]
[Board "32"]
[WhiteFideId "1332988"]
[BlackFideId "1325353"]
[WhiteElo "1722"]
[BlackElo "2061"]
[WhiteTeam "SUI"]
[BlackTeam "JPN"]
[WhiteClock "0:01:26"]
[BlackClock "0:10:30"]
[Variant "Standard"]

1. d4 {[%clk 0:15:09]}  Nf6 {[%clk 0:15:01]} 2. Nf3 {[%clk 0:15:13]}  g6 {[%clk 0:14:58]} 3. g3 {[%clk 0:15:15]}  Bg7 {[%clk 0:15:02]} 4. Bg2 {[%clk 0:15:19]}  O-O {[%clk 0:15:04]} 5. O-O {[%clk 0:15:22]}  d6 {[%clk 0:15:06]} 6. c4 {[%clk 0:15:24]}  c6 {[%clk 0:15:09]} 7. Nc3 {[%clk 0:15:28]}  Na6 {[%clk 0:15:12]} 8. a3 {[%clk 0:15:29]}  Re8 {[%clk 0:15:12]} 9. Re1 {[%clk 0:15:06]}  Be6 {[%clk 0:14:43]} 10. d5 {[%clk 0:14:43]}  cxd5 {[%clk 0:14:46]} 11. cxd5 {[%clk 0:14:26]}  Bg4 {[%clk 0:14:35]} 12. h3 {[%clk 0:14:22]}  Bxf3 {[%clk 0:14:32]} 13. Bxf3 {[%clk 0:14:25]}  Qd7 {[%clk 0:14:32]} 14. Bg2 {[%clk 0:14:19]}  e5 {[%clk 0:14:26]} 15. dxe6 {[%clk 0:14:09]}  fxe6 {[%clk 0:14:28]} 16. Be3 {[%clk 0:13:06]}  d5 {[%clk 0:14:08]} 17. Bg5 {[%clk 0:12:37]}  h6 {[%clk 0:14:07]} 18. Be3 {[%clk 0:12:30]}  b6 {[%clk 0:14:03]} 19. Bc1 {[%clk 0:12:03]}  Rad8 {[%clk 0:14:01]} 20. e3 {[%clk 0:11:11]}  e5 {[%clk 0:13:41]} 21. Qb3 {[%clk 0:09:58]}  Nc5 {[%clk 0:13:44]} 22. Qc2 {[%clk 0:09:48]}  Kh7 {[%clk 0:13:46]} 23. b4 {[%clk 0:09:22]}  Ne6 {[%clk 0:13:48]} 24. Bb2 {[%clk 0:09:04]}  d4 {[%clk 0:13:38]} 25. Ne4 {[%clk 0:08:43]}  d3 {[%clk 0:13:03]} 26. Nxf6+ {[%clk 0:08:28]}  Bxf6 {[%clk 0:13:04]} 27. Qd2 {[%clk 0:08:23]}  Bg7 {[%clk 0:12:34]} 28. Rad1 {[%clk 0:07:47]}  Rf8 {[%clk 0:12:25]} 29. Bf1 {[%clk 0:06:47]}  e4 {[%clk 0:12:20]} 30. Bxg7 {[%clk 0:06:35]}  Qxg7 {[%clk 0:12:22]} 31. Bg2 {[%clk 0:06:26]}  Qe5 {[%clk 0:12:15]} 32. Rf1 {[%clk 0:05:31]}  Ng5 {[%clk 0:11:50]} 33. Kh2 {[%clk 0:05:17]}  Rf7 {[%clk 0:11:37]} 34. Rc1 {[%clk 0:05:08]}  Rdf8 {[%clk 0:11:28]} 35. Kg1 {[%clk 0:04:43]}  h5 {[%clk 0:11:17]} 36. h4 {[%clk 0:04:13]}  Nf3+ {[%clk 0:11:20]} 37. Bxf3 {[%clk 0:04:10]}  Rxf3 {[%clk 0:11:22]} 38. Rc6 {[%clk 0:02:16]}  R8f7 {[%clk 0:11:09]} 39. Qd1 {[%clk 0:01:42]}  Qf5 {[%clk 0:10:40]} 40. Qd2 {[%clk 0:01:26]}  Rxg3+ {[%clk 0:10:30]} 0-1

[Event "Rapid Tournament (RAP)"]
[Site "Biel, CH"]
[Date "2025.07.13"]
[Round "1"]
[White "Federer, Colin"]
[Black "Kubanyi, Robert"]
[Result "1-0"]
[Board "33"]
[WhiteFideId "1345117"]
[BlackFideId "23746866"]
[WhiteTitle "FM"]
[WhiteElo "2055"]
[BlackElo "1711"]
[WhiteTeam "SUI"]
[BlackTeam "CZE"]
[WhiteClock "0:10:57"]
[BlackClock "0:09:16"]
[Variant "Standard"]

1. Nf3 {[%clk 0:15:03]}  Nf6 {[%clk 0:15:08]} 2. g3 {[%clk 0:15:06]}  g6 {[%clk 0:15:08]} 3. b3 {[%clk 0:15:09]}  Bg7 {[%clk 0:15:12]} 4. Bb2 {[%clk 0:15:12]}  d6 {[%clk 0:15:07]} 5. d4 {[%clk 0:15:12]}  O-O {[%clk 0:15:09]} 6. Bg2 {[%clk 0:15:14]}  Nbd7 {[%clk 0:14:50]} 7. O-O {[%clk 0:15:12]}  Rb8 {[%clk 0:14:45]} 8. Nbd2 {[%clk 0:14:45]}  b5 {[%clk 0:14:36]} 9. e4 {[%clk 0:14:35]}  c5 {[%clk 0:14:23]} 10. e5 {[%clk 0:14:16]}  Nd5 {[%clk 0:14:12]} 11. Ne4 {[%clk 0:14:08]}  c4 {[%clk 0:13:50]} 12. exd6 {[%clk 0:13:40]}  exd6 {[%clk 0:13:49]} 13. Nxd6 {[%clk 0:13:04]}  c3 {[%clk 0:13:53]} 14. Bc1 {[%clk 0:12:59]}  Ba6 {[%clk 0:13:29]} 15. Re1 {[%clk 0:12:57]}  N7f6 {[%clk 0:13:19]} 16. Ne4 {[%clk 0:12:51]}  Re8 {[%clk 0:13:15]} 17. Bg5 {[%clk 0:12:33]}  Qb6 {[%clk 0:13:03]} 18. Ne5 {[%clk 0:12:09]}  Bb7 {[%clk 0:12:21]} 19. Nxf6+ {[%clk 0:11:40]}  Nxf6 {[%clk 0:12:06]} 20. Bxf6 {[%clk 0:11:36]}  Bxf6 {[%clk 0:11:34]} 21. Nd7 {[%clk 0:11:34]}  Rxe1+ {[%clk 0:10:49]} 22. Qxe1 {[%clk 0:11:36]}  Qd6 {[%clk 0:10:52]} 23. Nxb8 {[%clk 0:11:33]}  Qxb8 {[%clk 0:10:56]} 24. Rd1 {[%clk 0:11:28]}  b4 {[%clk 0:10:47]} 25. Bxb7 {[%clk 0:11:20]}  Qxb7 {[%clk 0:10:50]} 26. Qe8+ {[%clk 0:11:23]}  Kg7 {[%clk 0:10:54]} 27. d5 {[%clk 0:11:25]}  Qa6 {[%clk 0:10:33]} 28. d6 {[%clk 0:11:17]}  Qxa2 {[%clk 0:10:36]} 29. Qe4 {[%clk 0:11:06]}  Qa5 {[%clk 0:10:15]} 30. d7 {[%clk 0:11:07]}  Qb6 {[%clk 0:09:56]} 31. Qd5 {[%clk 0:10:44]}  Bd8 {[%clk 0:09:36]} 32. Qd4+ {[%clk 0:10:45]}  Qxd4 {[%clk 0:09:39]} 33. Rxd4 {[%clk 0:10:49]}  a5 {[%clk 0:09:38]} 34. Kf1 {[%clk 0:10:48]}  Kf6 {[%clk 0:09:40]} 35. Re4 {[%clk 0:10:45]}  Be7 {[%clk 0:09:24]} 36. Ke2 {[%clk 0:10:43]}  h5 {[%clk 0:09:23]} 37. h4 {[%clk 0:10:45]}  Bd8 {[%clk 0:09:17]} 38. Re8 {[%clk 0:10:47]}  Bb6 {[%clk 0:09:17]} 39. d8=Q+ {[%clk 0:10:49]}  Bxd8 {[%clk 0:09:21]} 40. Rxd8 {[%clk 0:10:52]}  Ke5 {[%clk 0:09:20]} 41. Ra8 {[%clk 0:10:54]}  a4 {[%clk 0:09:18]} 42. Rxa4 {[%clk 0:10:57]}  Kd5 {[%clk 0:09:16]} 1-0